[Event "Challenge"]
[Site "http://www.queenalice.com/game.php?id=579732"]
[Date "2009.4.29"]
[Round "-"]
[White "birkof"]
[Black "brviking"]
[Result "1-0"]
[WhiteElo "1500"]
[BlackElo "1419"]

1. e4 e5 2. Nf3 d6 3. Bb5+ Bd7 4. Bxd7+ Qxd7 5. Nc3 Nf6 6. O-O Nc6 7. d4 exd4 8.
Nxd4 Nxd4 9. Qxd4 b6 10. Bg5 O-O-O 11. Bxf6 gxf6 12. Qxf6 Rg8 13. Rad1 Qh3 14.
g3 h5 15. Qxf7 Bh6 16. Nb5 Rg7 17. Qf6 h4 18. Nxa7+ Kb7 19. Qxd8 hxg3 20. fxg3
Be3+ 21. Rf2 Bxf2+ 22. Kxf2 Qxh2+ 23. Ke3 Rxg3+ 24. Kd4 Qf2+ 25. Kd5 Qc5+ 26.
Ke6 Qe5+ 27. Kf7 Rf3+ 28. Kg6 Qxe4+ 29. Kh6 Qf4+ 30. Qg5 Qh2+ 31. Qh5 Qf4+ 32.
Qg5 Qf8+ 33. Kh5 Kxa7 34. Rd3 Qh8+ 35. Kg6 Rf2 36. Ra3+ Kb8 37. Rc3 c6 38. Re3
Qxb2 39. Qd8+ Kb7 40. Qd7+ Ka6 41. Qc8+ Kb5 42. Rb3+ Qxb3 43. axb3 Rxc2 44. Qf5+
Rc5 45. Qd3+ Ka5 46. Qxd6 Kb4 47. Qd3 Rc3 48. Qd4+ Kxb3 49. Qxb6+ Kc2 50. Kf5 c5
51. Ke4 Rc4+ 52. Kd5 Kd3 53. Qb5 Kc3 54. Qxc4+ Kb2 55. Qd3 c4 56. Kxc4 Kc1 57.
Qe2 Kb1 58. Kb3 Kc1 59. Qc2# 1-0

[Event "Challenge"]
[Site "http://www.queenalice.com/game.php?id=583817"]
[Date "2009.5.6"]
[Round "-"]
[White "matheus3791"]
[Black "birkof"]
[Result "0-1"]
[WhiteElo "1490"]
[BlackElo "1786"]

1. e4 e5 2. Bc4 Nf6 3. Qf3 Nc6 4. Nh3 Nd4 5. Qd3 d6 6. Ng5 Be6 7. Bxe6 Nxe6 8.
Nxe6 fxe6 9. O-O Be7 10. Nc3 O-O 11. Qb5 b6 12. Qd3 d5 13. Qg3 d4 14. Nb5 c6 15.
d3 cxb5 16. Bg5 Qd6 17. Bxf6 Bxf6 0-1

[Event "Challenge"]
[Site "http://www.queenalice.com/game.php?id=590363"]
[Date "2009.5.18"]
[Round "-"]
[White "montelo"]
[Black "birkof"]
[Result "1-0"]
[WhiteElo "1687"]
[BlackElo "1807"]

1. e4 e5 2. Qh5 Nf6 3. Qxe5+ Be7 4. Nc3 O-O 5. d3 Re8 6. Qg3 d6 7. Be2 Nc6 8.
Bh6 Bf8 9. Nf3 Nh5 10. Qh4 Qxh4 11. Nxh4 gxh6 12. Bxh5 Nd4 13. Bd1 c6 14. O-O
Be7 15. Nf3 Nxf3+ 16. Bxf3 Bf6 17. g3 Be6 18. Bg2 Rad8 19. a3 Bxc3 20. bxc3 d5
21. Rfb1 b6 22. a4 dxe4 23. Bxe4 Bd5 24. Bxd5 Rxd5 25. c4 Rf5 26. f4 Re2 27. Rf1
Rxc2 28. Rf3 Rf6 29. Re3 Kf8 30. Rae1 Ra2 31. Re8+ Kg7 32. Ra8 Rxa4 33. Re7 a5
34. Ra6 Kg6 35. Rxb6 Rd6 36. Re5 Rxd3 37. Rxc6+ Kg7 38. Kf2 Rc3 39. c5 Ra2+ 40.
Re2 Rxe2+ 41. Kxe2 a4 42. Kd2 Rc4 43. Kd3 Rc1 44. Kd2 Rc4 45. Kd3 Rc1 46. Ra6
Rxc5 47. Rxa4 Rh5 48. h4 Rb5 49. Ke4 1-0

[Event "Challenge"]
[Site "http://www.queenalice.com/game.php?id=590364"]
[Date "2009.5.18"]
[Round "-"]
[White "birkof"]
[Black "montelo"]
[Result "1-0"]
[WhiteElo "1660"]
[BlackElo "1641"]

1. e4 e5 2. Nf3 Nf6 3. Bc4 Nxe4 4. Qe2 d5 5. Nxe5 dxc4 6. Qxe4 Be6 7. O-O c6 8.
Nxc4 Be7 9. d3 Bd5 10. Qg4 Bf6 11. Re1+ Be6 12. Nc3 O-O 13. Qd1 Qc7 14. Ne4 Nd7
15. Nxf6+ Nxf6 16. Nd2 Ng4 17. Nf3 Rfd8 18. Bg5 Rd7 19. Bh4 Bc4 20. Bg3 Qb6 21.
Qe2 Be6 22. Ng5 Re8 23. Nxe6 Nxh2 24. Bxh2 Rxe6 25. Qg4 Qxb2 26. Qc4 Rd4 27. Qb3
Rxe1+ 28. Rxe1 Re4 29. dxe4 Qf6 30. Qxb7 Qd8 31. Qxc6 g6 32. Be5 h5 33. Qf6 Qxf6
34. Bxf6 Kh7 35. Rd1 a6 36. Rd8 g5 37. c4 Kg6 38. e5 Kf5 39. c5 Ke6 40. c6 1-0

[Event "brviking x birkof"]
[Site "http://www.queenalice.com/game.php?id=593644"]
[Date "2009.5.25"]
[Round "-"]
[White "brviking"]
[Black "birkof"]
[Result "0-1"]
[WhiteElo "1419"]
[BlackElo "1721"]

1. e4 e5 2. Nf3 Nc6 3. d4 exd4 4. Nxd4 Nxd4 5. Qxd4 d6 6. Bc4 Be7 7. Qxg7 Bf6 8.
Bxf7+ Kd7 9. Qg4+ Ke7 10. Qh5 c6 11. Be3 Bxb2 12. Bg5+ Bf6 13. Nd2 Qf8 14. e5
Bxg5 15. e6 Qg7 16. Ne4 Qxa1+ 17. Ke2 Qe5 18. Kd3 Qb5+ 19. c4 Qf5 20. g4 Qf3+
21. Kd4 c5+ 22. Nxc5 dxc5+ 23. Kxc5 Qc6+ 24. Kb4 a5+ 25. Kc3 Bf6+ 26. Kb3 Bxe6
0-1

[Event "Challenge"]
[Site "http://www.queenalice.com/game.php?id=598075"]
[Date "2009.6.3"]
[Round "-"]
[White "theblackfox"]
[Black "birkof"]
[Result "1-0"]
[WhiteElo "1879"]
[BlackElo "1863"]

1. e4 e5 2. Nf3 Nc6 3. Nc3 Be7 4. Bc4 Nf6 5. O-O Na5 6. Bd5 c6 7. Bb3 Nxb3 8.
axb3 O-O 9. d4 d6 10. Be3 Bg4 11. h3 Bh5 12. g4 Bg6 13. d5 cxd5 14. exd5 a6 15.
b4 Re8 16. b5 axb5 17. Rxa8 Qxa8 18. Nxb5 Qa5 19. c4 Rc8 20. Nh4 Rxc4 21. Na3
Rc8 22. Bg5 Be4 23. Bd2 Qxd5 24. g5 Nd7 25. f3 Qd4+ 26. Kh1 Bc6 27. Nf5 Qxb2 28.
Nxe7+ Kf8 29. Nxc8 Qxa3 30. Qa1 Bxf3+ 31. Kh2 Qd3 32. Bb4 Qe2+ 33. Kg3 Qe4 34.
Bxd6+ Kg8 35. Rxf3 h6 36. gxh6 Qg6+ 37. Kf2 Qc2+ 38. Kg1 Qxc8 39. Bxe5 Qc5+ 40.
Bd4 Qg5+ 41. Kh2 Qxh6 42. Rg3 f6 43. Qa8+ Nf8 44. Bc5 Qd2+ 45. Rg2 Qf4+ 46. Rg3
Qd2+ 47. Rg2 Qf4+ 48. Rg3 Qd2+ 49. Kh1 Qc1+ 50. Bg1 Qc6+ 51. Rg2 g5 52. h4 g4
53. Kh2 Qd6+ 54. Rg3 Qd2+ 55. Rg2 Qd6+ 56. Kh1 Qd5 57. h5 Qxh5+ 58. Bh2 Qd5 59.
Qe8 Kg7 60. Bg1 Ng6 61. Kh2 Qh5+ 62. Kg3 Qh3+ 63. Kf2 Qf3+ 64. Ke1 Qxg2 65. Qd7+
Kh6 66. Be3+ Kh5 67. Qh7# 1-0

[Event "Challenge"]
[Site "http://www.queenalice.com/game.php?id=598076"]
[Date "2009.6.3"]
[Round "-"]
[White "birkof"]
[Black "theblackfox"]
[Result "1-0"]
[WhiteElo "1854"]
[BlackElo "1873"]

1. e4 d5 2. exd5 Qxd5 3. Nc3 Qa5 4. Nf3 Nc6 5. Be2 Bf5 6. O-O O-O-O 7. d3 e5 8.
Bd2 Bb4 9. Re1 Nf6 10. a3 Bd6 11. Ne4 Qb6 12. Nxd6+ Rxd6 13. Ng5 Bg6 14. b4 e4
15. Be3 Nd4 16. c3 exd3 17. Bg4+ Nxg4 18. Qxg4+ Bf5 19. Qd1 Bg6 20. Bxd4 Qa6 21.
Ne4 Rd5 22. Nc5 Qc4 23. Qa4 a6 24. Rad1 f6 25. Re3 h5 26. Rde1 h4 27. Re8+ Bxe8
28. Rxe8+ Rxe8 29. Qxe8+ Rd8 30. Qe4 c6 31. Qe7 d2 32. Qxb7# 1-0

[Event "Challenge"]
[Site "http://www.queenalice.com/game.php?id=599801"]
[Date "2009.6.7"]
[Round "-"]
[White "ZUMBI"]
[Black "birkof"]
[Result "1-0"]
[WhiteElo "1907"]
[BlackElo "1845"]

1. e4 e5 2. Nf3 Nc6 3. Nc3 Nf6 4. Bb5 d6 5. O-O Bd7 6. d3 Be7 7. Bg5 O-O 8. a4
Be6 9. Bxc6 bxc6 10. b4 Re8 11. b5 Bg4 12. h3 Bxf3 13. Qxf3 cxb5 14. Nxb5 c6 15.
Nc3 Qa5 16. Ne2 d5 17. c4 dxe4 18. dxe4 Rab8 19. Ng3 h5 20. Nxh5 Nxe4 21. Bxe7
Nd2 22. Qg4 g6 23. Nf6+ Kg7 24. Qh4 Rh8 25. Nh5+ Rxh5 26. Qf6+ Kg8 27. Rfd1 Rf5
28. Qxc6 Nb3 29. Rab1 Qb6 30. Qxb6 Rxb6 31. Bc5 Rc6 32. Bxa7 Na5 33. g4 Rf4 34.
c5 Rxa4 35. Rb8+ Kg7 36. f3 Nc4 37. Rd7 Rf6 38. Kf2 Ra3 39. Rc8 Na5 40. Rd5 e4
41. c6 Rfxf3+ 42. Ke2 Rae3+ 43. Bxe3 1-0

[Event "Challenge"]
[Site "http://www.queenalice.com/game.php?id=599802"]
[Date "2009.6.7"]
[Round "-"]
[White "birkof"]
[Black "ZUMBI"]
[Result "1-0"]
[WhiteElo "1803"]
[BlackElo "1907"]

1. e4 d5 2. exd5 Qxd5 3. Nf3 Nc6 4. Nc3 Qa5 5. Be2 Bg4 6. O-O O-O-O 7. d3 e5 8.
Bd2 Bb4 9. a3 Be7 10. Ne4 Qd5 11. Bc3 Nf6 12. h3 Bh5 13. Qd2 Nxe4 14. dxe4 Qxe4
15. Rfe1 Qf5 16. Qe3 b6 17. Ba6+ Kb8 18. Nxe5 Nxe5 19. Qxe5 Qxe5 20. Rxe5 g6 21.
Rxe7 Rhf8 22. Bf6 Rd1+ 23. Rxd1 Bxd1 24. c3 h5 25. Be5 Ka8 26. Rxc7 f6 27. Bd6
Rd8 28. Bg3 g5 29. Bb7+ Kb8 30. Rd7# 1-0

[Event "Challenge"]
[Site "http://www.queenalice.com/game.php?id=603154"]
[Date "2009.6.14"]
[Round "-"]
[White "Rafchess"]
[Black "birkof"]
[Result "1-0"]
[WhiteElo "1907"]
[BlackElo "1820"]

1. Nf3 Nc6 2. Nc3 e5 3. d4 Bb4 4. dxe5 d6 5. Bf4 Nge7 6. exd6 Bxd6 7. Bxd6 cxd6
8. Qd3 O-O 9. O-O-O Be6 10. a3 d5 11. e3 Qb6 12. Kb1 Rfd8 13. Be2 Qc7 14. h4 a6
15. h5 h6 16. Qd2 b5 17. Rh4 Rab8 18. Nd4 Nxd4 19. Rxd4 Nc6 20. Nxd5 Bxd5 21.
Rxd5 Rxd5 22. Qxd5 Rd8 23. Qc5 Rxd1+ 24. Bxd1 Qd7 25. Bf3 Nd8 26. b3 Ne6 27. Qb6
Ng5 28. Qxa6 Nxf3 29. Qa8+ Kh7 30. Qxf3 Qd6 31. Qxf7 Qe5 32. g4 1-0

[Event "Challenge 2"]
[Site "http://www.queenalice.com/game.php?id=611892"]
[Date "2009.7.1"]
[Round "-"]
[White "bobi999"]
[Black "birkof"]
[Result "0-1"]
[WhiteElo "1732"]
[BlackElo "1826"]

1. e4 e5 2. Nf3 Nc6 3. Bb5 Bc5 4. O-O Nf6 5. d3 d5 6. Nxe5 O-O 7. exd5 Nxe5 8.
d4 Nf3+ 9. Qxf3 Bxd4 10. c3 Bb6 11. Bg5 Bg4 12. Qxg4 Nxg4 13. Bxd8 Raxd8 14. Be2
Ne5 15. c4 Rfe8 16. Nc3 c6 17. Rad1 Ba5 18. f4 Nd7 19. Bf3 cxd5 20. Nxd5 Nb6 21.
c5 Nc4 22. b3 Ne3 23. Nxe3 Rxe3 24. b4 Bc7 25. Rxd8+ Bxd8 26. Rd1 Bf6 27. Rd7 g6
28. Rxb7 Bd4 29. Kf1 Ra3 30. Rd7 Be3 0-1

[Event "CAFE II"]
[Site "http://www.queenalice.com/game.php?id=613853"]
[Date "2009.7.5"]
[Round "-"]
[White "perucona"]
[Black "birkof"]
[Result "0-1"]
[WhiteElo "1647"]
[BlackElo "1853"]

1. e4 e5 2. d4 exd4 3. Qxd4 Nc6 4. Qd5 Nf6 5. Qd3 Ne5 6. Qe2 d6 7. Bf4 Be7 8.
Bxe5 dxe5 9. Nc3 O-O 10. Nf3 Bd6 11. O-O-O Bg4 12. h3 Be6 13. Qb5 Bc8 14. Bc4 c6
15. Qa4 Qe7 16. Rd2 Bb4 17. a3 Bxc3 18. bxc3 Nxe4 19. Re2 Nxc3 20. Qb3 Nxe2+ 21.
Kd2 Nd4 22. Nxd4 exd4 23. Re1 Qg5+ 24. Kd3 Bf5+ 25. Kxd4 Rad8+ 26. Kc5 Bxc2+ 27.
Kb4 Bxb3 28. Bxb3 Qd2+ 29. Ka4 b5# 0-1

[Event "Challenge"]
[Site "http://www.queenalice.com/game.php?id=627804"]
[Date "2009.7.31"]
[Round "-"]
[White "montelo"]
[Black "birkof"]
[Result "1-0"]
[WhiteElo "1837"]
[BlackElo "1853"]

1. e4 e5 2. Nf3 Nc6 3. Bc4 Be7 4. d3 Nf6 5. Ng5 O-O 6. Qf3 Nd4 7. Qd1 Nc6 8.
Bxf7+ Rxf7 9. Nxf7 Kxf7 10. Qf3 Nd4 11. Qd1 d6 12. Nc3 c6 13. Be3 Kg8 14. Ne2
Nxe2 15. Qxe2 Be6 16. Qf3 1-0

[Event "Challenge"]
[Site "http://www.queenalice.com/game.php?id=627805"]
[Date "2009.7.31"]
[Round "-"]
[White "birkof"]
[Black "montelo"]
[Result "0-1"]
[WhiteElo "1892"]
[BlackElo "1818"]

1. e4 e5 2. Nf3 Nf6 3. Bc4 Nxe4 4. Nxe5 Nd6 5. O-O Qg5 6. d3 Qf6 7. Re1 Be7 8.
Nf3 Nxc4 9. dxc4 d6 10. Qe2 Nc6 11. Nc3 Qg6 12. Bf4 O-O 13. Rad1 Bh3 14. Bg3 Bg4
15. Qd3 Bf5 16. Qe2 Bxc2 0-1

[Event "Partidinha??"]
[Site "http://www.queenalice.com/game.php?id=631293"]
[Date "2009.8.6"]
[Round "-"]
[White "WelintonMaia"]
[Black "birkof"]
[Result "0-1"]
[WhiteElo "1813"]
[BlackElo "1798"]

1. e4 e5 2. Qh5 Nc6 3. Bb5 Nf6 4. Qf3 Nd4 5. Qd3 c6 6. Bc4 Be7 7. c3 Ne6 8. Nh3
O-O 9. Bxe6 fxe6 10. Qg3 Nxe4 11. Qd3 d5 12. O-O Bc5 13. b4 Bb6 14. Qe2 Bc7 15.
Ba3 b5 16. d3 Nf6 17. Bb2 Nh5 18. Qxh5 Qd6 19. g3 e4 20. dxe4 e5 21. Nd2 Qe6 22.
Ng5 Qg6 23. Qxg6 hxg6 24. exd5 cxd5 25. Ngf3 Bb6 26. Nxe5 Bh3 27. Rfd1 Rxf2 0-1

[Event "Challenge"]
[Site "http://www.queenalice.com/game.php?id=636691"]
[Date "2009.8.15"]
[Round "-"]
[White "birkof"]
[Black "mat95"]
[Result "1-0"]
[WhiteElo "1825"]
[BlackElo "1930"]

1. e4 c5 2. Nf3 d6 3. c3 Nf6 4. Be2 Nxe4 5. Qa4+ Nc6 6. Qxe4 e6 7. O-O Be7 8. d4
cxd4 9. Nxd4 d5 10. Qc2 O-O 11. Be3 e5 12. Nf3 f5 13. Rd1 Be6 14. Bb5 Bf6 15.
Nbd2 a6 16. Ba4 d4 17. cxd4 exd4 18. Bxc6 bxc6 19. Nb3 1-0

[Event "Challenge"]
[Site "http://www.queenalice.com/game.php?id=637939"]
[Date "2009.8.17"]
[Round "-"]
[White "KennyB"]
[Black "birkof"]
[Result "1-0"]
[WhiteElo "1873"]
[BlackElo "1861"]

1. e4 e5 2. Nf3 Nc6 3. Bb5 a6 4. Bxc6 dxc6 5. d4 Bg4 6. dxe5 Qxd1+ 7. Kxd1 Bxf3+
8. gxf3 O-O-O+ 9. Ke2 Bc5 10. Nc3 f6 11. exf6 Nxf6 12. Bg5 h6 13. Bxf6 gxf6 14.
Rad1 Rxd1 15. Rxd1 Rg8 16. Rh1 Rg2 17. Nd1 Kd7 18. Ne3 Rg5 19. c3 Ba7 20. Rd1+
Ke7 21. Ng4 h5 22. Ne3 Bxe3 23. Kxe3 Ra5 24. a3 Rb5 25. b4 c5 26. c4 Rb6 27.
bxc5 Rb3+ 28. Rd3 Rb1 29. Kf4 Rg1 30. h4 Rg8 31. Kf5 Rg2 32. Rd2 a5 33. f4 a4
34. e5 fxe5 35. fxe5 Rg8 36. e6 Rf8+ 37. Ke5 c6 38. Rd7+ Ke8 39. f4 Rh8 40. Rxb7
1-0

[Event "Challenge"]
[Site "http://www.queenalice.com/game.php?id=640443"]
[Date "2009.8.22"]
[Round "-"]
[White "Tonico"]
[Black "birkof"]
[Result "0-1"]
[WhiteElo "1797"]
[BlackElo "1844"]

1. e4 e5 2. Bc4 Nf6 3. Nc3 Nc6 4. Nf3 Be7 5. Ng5 O-O 6. d3 Na5 7. Bxf7+ Rxf7 8.
Bd2 Rf8 9. O-O c6 10. Be3 d5 11. exd5 Nxd5 12. Nge4 b5 13. Nxd5 Qxd5 14. Bg5
Bxg5 15. Nxg5 Bf5 16. Qh5 Bg6 17. Qd1 Nb7 18. Qd2 e4 19. b3 Rad8 20. Qe3 a5 21.
Rad1 Qe5 22. d4 Qe7 23. c3 Rd5 24. f3 Qxg5 25. Qxg5 Rxg5 26. fxe4 Rxf1+ 27. Kxf1
Bxe4 28. g3 Rf5+ 29. Kg1 Rf3 30. c4 bxc4 31. bxc4 Nd6 32. c5 Nb5 33. Re1 Bd5 34.
Rc1 Nxd4 35. a4 Ne2+ 0-1

[Event "Fast play!!!"]
[Site "http://www.queenalice.com/game.php?id=685883"]
[Date "2009.11.20"]
[Round "-"]
[White "birkof"]
[Black "brviking"]
[Result "1-0"]
[WhiteElo "1843"]
[BlackElo "1419"]

1. e4 e5 2. Nf3 d6 3. Nc3 Bd7 4. Bc4 Nf6 5. O-O Ng4 6. h3 Nc6 7. hxg4 Bxg4 8.
Nxe5 Nxe5 9. f3 Bh5 10. Bb3 Qg5 11. d4 Nxf3+ 12. Rxf3 Bxf3 13. Qxf3 Qf6 14. Qxf6
gxf6 15. Nd5 O-O-O 16. Nxf6 Be7 17. Ng4 Rhg8 18. Ne3 Rg3 19. Nf5 Bg5 20. Nxg3
Bxc1 21. Rxc1 Rg8 22. Kf2 Rg4 23. Bxf7 Rf4+ 24. Ke3 Rxf7 25. Nf5 h5 26. Rh1 d5
27. Rxh5 1-0